Statistiques concernant Personnages de Peter Pan par images

Cliquez ici pour prendre le quiz!

Statistiques générales

  • Ce quiz a été pris 159 fois
  • Le résultat moyen est 10 sur 16

Statistiques - réponses

Réponse% Correct
Capitaine Crochet
100%
Fée Clochette
100%
Peter Pan
100%
Wendy
98%
Mouche
79%
Tic Tac le crocodile
78%
Nana
72%
Jean
69%
Lily la Tigresse
64%
Michel
58%
Georges Darling
38%
Grand chef indien
33%
Marie Darling
29%
Jane
28%
Edouard
8%
Danny
7%

Distribution des résultats

Percentile par nombre de réponses

% des personnes avec chaque résultat

Votre développement - résultats

Vous n’avez pas pris ce quiz